FSB Task Force on Climate-Related Financial Decisions (Record no. 121174)
[ view plain ]
| 000 -LEADER | |
|---|---|
| fixed length control field | 01340nam a22002057a 4500 |
| 001 - CONTROL NUMBER | |
| control field | K121174 |
| 008 - FIXED-LENGTH DATA ELEMENTS--GENERAL INFORMATION | |
| fixed length control field | 160218b xxu||||| |||| 00| 0 eng d |
| 041 ## - LANGUAGE CODE | |
| Language code of text/sound track or separate title | eng |
| 110 ## - MAIN ENTRY--CORPORATE NAME | |
| Corporate author | FSB Task Force on Climate-Related Financial Disclosures |
| 245 ## - TITLE STATEMENT | |
| Title | FSB Task Force on Climate-Related Financial Decisions |
| 520 ## - ABSTRACT | |
| Abstract | The FSB Task Force on Climate-related Financial Disclosures (TCFD) will develop voluntary, consistent climate-related financial risk disclosures for use by companies in providing information to investors, lenders, insurers, and other stakeholders. It<br/> will consider the physical, liability and transition risks associated with climate change and what constitutes effective financial disclosures across industries.The work and recommendations of the Task Force will help companies understand what financial markets want from disclosure in order to measure and respond to climate change risks, and encourage firms to align their disclosures with investors’ needs. Includes links to its publications, Knowledge hub and list of members.<br/> |
| 650 ## - KEYWORDS | |
| Keywords | Climate change |
| 650 ## - KEYWORDS | |
| Keywords | Value the planet |
| 650 ## - KEYWORDS | |
| Keywords | Risks |
| 650 ## - KEYWORDS | |
| Keywords | Financial dislosures |
| 651 ## - SUBJECT ADDED ENTRY--GEOGRAPHIC NAME | |
| Geographic name | International |
| 690 ## - BROAD SUBJECT | |
| 9 (RLIN) | 6238 |
| Broad subject | Environment |
| 856 ## - ONLINE RESOURCE | |
| Uniform Resource Identifier | <a href="https://www.fsb-tcfd.org/tcfd-knowledge-hub/">https://www.fsb-tcfd.org/tcfd-knowledge-hub/</a> |
| Public note | View at fsb-tcdf.org |
| 942 ## - ADDED ENTRY ELEMENTS (KOHA) | |
| Suppress in OPAC | Do not suppress in OPAC |
| Lost status | Damaged status | Not for loan | Home library | Current library | Shelving location | Date acquired | Total Checkouts | Date last seen | Price effective from | Koha item type |
|---|---|---|---|---|---|---|---|---|---|---|
| Virtual | Virtual | Online | 04/12/2019 | 04/12/2019 | 04/12/2019 | Online material |